000 00954cam a2200253 a 4500
001 000014509
005 20200929163849.0
008 970624s1996 ve b 000 0 spa d
020 _a9978950419
035 _a(DLC) 97165521
035 _a(CU)GLAD84451638
035 _a(CStRLIN)CUBGGLAD84451638-B
040 _aDO-SdBNP
_bspa
_cBNPHU
_dCU
_dDLC
082 _a327.16
_bB275p
100 1 _aBarriga López, Franklin,
_d1945-
_930052
245 1 0 _aProblemas del mundo contemporáneo /
_cFranklin Barriga López.
260 _aCaracas :
_bGrupo de Observadores Latinoamericanos, Sede Central ;
_aQuito, Ecuador :
_bInstituto Ecuatoriano de Estudios para las Relaciones Internacionales,
_c1996.
300 _a237 p. ;
_c22 cm.
504 _aIncluye referencias bibliográficas: (p. [229]-231)
650 4 _aConflictos internacionales
_91885
650 4 _aPolítica internacional
_y1989-
_932682
910 _aCatalogación por copia / LC
049 _aBNGR
999 _c14098
_d14098